Apulannan kappaleita lyriikoiden mukaan - Statistics

Yleistilastot
  • Tätä visaa on pelattu 69 kertaa
  • Keskiarvotulos 8 / 15
Vastaustilastot
Sanat Kappale % Oikein
Tätä hetkeä kartoin Tätä väistin Tätä niin pelkäsin Sen on tultava loppuun Nyt on aika Armo
89%
Ehtii aivan liikaa keksii Kun itseänsä etsii ajatuksistaan Vaarallisii hetkii, tehdä sinne retkii Tahdot taikka et, niin Teet sen uudestaan Lokin päällä lokki
83%
Kumpikin toistaan paremmin Tiesi jokaisen vaiheen Kumarrettiin kuvaa peilissä Pahempi toistaan
83%
Älä usko lauluihin Ne tekee susta haaveilijan Ne voi saada sut kaivelemaan asioita Joilta mielesi koittaa sua suojella Valot pimeyksien reunoilla
76%
Kipu kuolee huutamalla alastomana lattialla Miten kauan sitä kestää ei, sitä ei voi tietää Koneeseen kadonnut
70%
Juniin, tuhansiin haluttiin Me nousta kyytiin Uniin rumiin herättiin Teet mitä teet ja varkain Teit meistä kauniin
61%
Savuna ilmaan ei voi estää Verenä hiekkaan ei voi kestää Kivusta nautintoon on matkaa Pelottavan vähän - jos edes sitäkään Hiekka
59%
Kun eilen näin sun itkevän Mä aavistin sun lähtevän Sun silmät katsoi tyhjää Nuku rauhassa, pikkuinen Ilona
54%
Olen tehnyt asioita, Joilla ei oo muuta tarkoista, kuin olla tikareita Jotka tarkoitettiin ainoastaan sinuun uppoomaan Antaisin anteeksi, jollen heikolta näyttäisi Viisaus ei asu meissä
50%
Tie pelastaa Tie pelastaa, jos uskaltaa Tie pelastaa, jos vaihtaa suuntaa Maanantai
37%
Mitä mitä pistit minun kahvikuppiin Pahapaha paha olo minun on Etsä tajuu et sä otat mua nuppiin Beibe beibe sinä olet toivoton Poistuisitko mun elämästä
31%
Raskasta taivaltaa, raskasta kantaa Kun sokeudeltansa ei löydä taivaanrantaa Reunalla
22%
Suhun luotin, sua rakastin. Olin hullu sen huomasin. Pelkkä lelu olin sulle vain, hyväks käytit rakkauttain. Lupasit mulle
17%
Tee niin niinkuin eilenkin Hahmotellaan säännöt, jotka särkyy kuitenkin Käännä se pois
13%
Vielä tunnen suurta vihaa Mutten muista ketä kohtaan Veistä haavassa kääntäisin Pelkästään siksi miltä se tuntuu Vauriot
7%
Ehtoja vastaavia visoja ei löytynyt
Tulosjakauma
Jokaisen tuloksen saaneiden osuus
Persentiili vastausten määrän mukaan
Tuloshistoriasi
Et ole pelannut tätä visaa